Central Library OPAC University of Rajshahi

Thin-film and depth-profile analysis / (Record no. 8631)

MARC details
000 -LEADER
fixed length control field 01029pam a22003011a 4500
001 - CONTROL NUMBER
control field 8631
003 - CONTROL NUMBER IDENTIFIER
rucl marc code BD-RjUL
005 - DATE AND TIME OF LATEST TRANSACTION
control field 20211208234625.0
008 - FIXED-LENGTH DATA ELEMENTS--GENERAL INFORMATION
fixed length control field 161002s1984 gw b 001 0 eng
020 ## - INTERNATIONAL STANDARD BOOK NUMBER
International Standard Book Number 0387133208 (U.S.)
035 ## - SYSTEM CONTROL NUMBER
System control number (BD-RjUL)8676
040 ## - CATALOGING SOURCE
Original cataloging agency DLC
Transcribing agency DLC
Modifying agency DLC
-- BD-RjUL
Language of cataloging eng
041 ## - LANGUAGE CODE
Language code of text/sound track or separate title eng
082 00 - DEWEY DECIMAL CLASSIFICATION NUMBER
Classification number 530.41
Edition number 19
Author mark and year THI 1984
245 00 - TITLE STATEMENT
Title Thin-film and depth-profile analysis /
Statement of responsibility, etc. edited by H. Oechsner ; with contributions by H.W. Etzkorn ... [et al.].
260 ## - PUBLICATION, DISTRIBUTION, ETC. (IMPRINT)
Place of publication, distribution, etc. Berlin :
-- New York :
Name of publisher, distributor, etc. Springer-Verlag,
Date of publication, distribution, etc. c1984.
300 ## - PHYSICAL DESCRIPTION
Pagination 205 p. :
Illustrations ill. ;
Size 23 cm.
500 ## - GENERAL NOTE
General note Catalogong based on CIP information.
504 ## - BIBLIOGRAPHY, ETC. NOTE
Bibliography, etc Includes bibliographical references and index.
650 #0 - SUBJECT ADDED ENTRY--TOPICAL TERM
Topical term or geographic name as entry element Thin films
General subdivision Surfaces.
9 (RLIN) 26879
Topical term or geographic name as entry element Surface chemistry.
9 (RLIN) 26880
Topical term or geographic name as entry element Sputtering (Physics)
9 (RLIN) 26881
700 1# - ADDED ENTRY--PERSONAL NAME
Personal name Oechsner, H.
Fuller form of name (Hans),
Dates associated with a name 1934-
Personal name Etzkorn, H. W.
942 ## - ADDED ENTRY ELEMENTS (KOHA)
Source of classification or shelving scheme Dewey Decimal Classification
Koha item type Books
Holdings
Lost status Source of classification or shelving scheme Damaged status Not for loan Collection code Permanent Location Current Location Shelving location Date acquired Source of acquisition Cost, normal purchase price Total Checkouts Full call number Date last seen Copy number Koha item type
  Dewey Decimal Classification   Not For Loan Non-fiction Central Library, University of Rajshahi Central Library, University of Rajshahi   08/10/1996 Syntex 61.00   530.41 THI 1984 19/01/2014 C-1 Books
  Dewey Decimal Classification     Non-fiction Central Library, University of Rajshahi Central Library, University of Rajshahi   08/10/1996 Lucky Syndicate, Dhaka 615.00   530.41 THI 1984 02/10/2016 C-2 Books